| 000 | 00000nam 2200000za 4500 |
| 001 | 9.852511 |
| 003 | CaOODSP |
| 005 | 20221107154613 |
| 007 | cr ||||||||||| |
| 008 | 180227s1973 onc #ob f000 0 eng d |
| 040 | |aCaOODSP|beng |
| 043 | |an-cn--- |
| 086 | 1 |aR32-444/1973E-PDF |
| 245 | 00|aHistorical notes on the Abitibi Dominion Band |h[electronic resource] / |cby Treaties. |
| 260 | |aOttawa : |bTreaties and Historical Research Centre, |c1973. |
| 300 | |a7 p. |
| 500 | |a"February 1973." |
| 500 | |aDigitized edition from print [produced by Indigenous and Northern Affairs Canada]. |
| 504 | |aIncludes bibliographical references. |
| 520 | |a"The Indians residing in the Province of Quebec have not entered into land cession Treaties covering any specific portion of the province. Historically, land cession treaties invariably preceded settlement, e.g., in the 1870's numbered treaties 1-7 were signed covering the "fertile belt" region of western Canada"--p. [1]. |
| 692 | 07|2gccst|aIndians |
| 692 | 07|2gccst|aAgreements |
| 692 | 07|2gccst|aCanadian history |
| 710 | 2 |aTreaties and Historical Research Centre (Canada) |
| 710 | 1 |aCanada. |bIndian and Northern Affairs Canada. |
| 856 | 40|qPDF|s1.40 MB|uhttps://publications.gc.ca/collections/collection_2018/aanc-inac/R32-444-1973-eng.pdf |